Statistics for Chemistry - Hydrocarbons

Click here to take the quiz!

General Stats

  • This quiz has been taken 491 times
  • The average score is 8 of 10

Answer Stats

Hydrogen AtomsCarbon AtomsHydrocarbon% Correct
41Methane
99%
62Ethane
95%
83Propane
85%
146Hexane
80%
188Octane
80%
63Propene
80%
84Butene
76%
126Hexene
76%
167Heptane
75%
168Octene
75%

Score Distribution

Percentile by Number Answered

Percent of People with Each Score

Your Score History

You have not taken this quiz